| Tag |
First Indicator |
Second Indicator |
Subfields |
| LEADER |
00000cam a2200000 i 4500 |
| 001 |
in00000038121 |
| 005 |
20151007080835.0 |
| 008 |
770913s1950 nyu b 00010 eng d |
| 035 |
|
|
|a (OCoLC)03259510
|
| 035 |
|
|
|9 AAF5467AM
|
| 040 |
|
|
|a ERE
|c ERE
|d TXA
|d UtOrBLW
|
| 049 |
|
|
|a TXAM
|v 1 [191885]
|v 2 [191886]
|
| 090 |
|
|
|a BD632
|b .A4 1950
|
| 092 |
|
|
|a 237.1
|b A378s
|
| 100 |
1 |
|
|a Alexander, Samuel,
|d 1859-1938.
|
| 245 |
1 |
0 |
|a Space, time, and deity :
|b the Gifford lectures at Glasgow, 1916-1918 /
|c by S. Alexander.
|
| 264 |
|
1 |
|a New York :
|b Humanities Press,
|c 1950.
|
| 300 |
|
|
|a 2 volumes ;
|c 23 cm.
|
| 336 |
|
|
|a text
|b txt
|2 rdacontent
|
| 337 |
|
|
|a unmediated
|b n
|2 rdamedia
|
| 338 |
|
|
|a volume
|b nc
|2 rdacarrier
|
| 504 |
|
|
|a Bibliographical footnotes.
|
| 650 |
|
0 |
|a Space and time.
|
| 650 |
|
0 |
|a God.
|
| 999 |
|
|
|a MARS
|
| 999 |
f |
f |
|s d39a809b-19a5-3783-80ec-8da9b8b584bb
|i 5ac26f34-6b48-3c5b-8ccf-e827d22a13d2
|t 0
|
| 952 |
f |
f |
|p normal
|a Texas A&M University
|b College Station
|c Sterling C. Evans Library
|d Evans: Library Stacks
|t 0
|e BD632 .A4 1950
|h Library of Congress classification
|i unmediated -- volume
|k v.2
|m A14800609047
|
| 952 |
f |
f |
|p normal
|a Texas A&M University
|b College Station
|c Sterling C. Evans Library
|d Evans: Library Stacks
|t 0
|e BD632 .A4 1950
|h Library of Congress classification
|i unmediated -- volume
|k v.1
|m A14800609039
|
| 998 |
f |
f |
|a BD632 .A4 1950
|s v.1-2
|t 0
|l Evans: Library Stacks
|